| 000 | 00477cam a2200193ua 4500 | ||
|---|---|---|---|
| 001 | 5996 | ||
| 008 | 131030n ii |||gr||||Z||||||eng | ||
| 040 | _cMAIN | ||
| 082 | _a909 | ||
| 100 | 1 |
_aLangsam,Walter L, _eAuthor. |
|
| 245 | 1 | 1 |
_aWorld Since 1919 _cby Walter C. Langsam |
| 250 | _a8th ed. | ||
| 260 |
_aDelhi: _bSurjeet Publications. |
||
| 300 | _a717p. | ||
| 653 | _aWorld history | ||
| 653 | _aWorld Since 1919 | ||
| 700 | 1 |
_aMitchell,Otis C., _eAuthor. |
|
| 942 | _cBK | ||
| 999 |
_c5150 _d5150 |
||